| 000 | 00836nam a22002777a 4500 | ||
|---|---|---|---|
| 003 | CHAP | ||
| 005 | 20220329140505.0 | ||
| 008 | 971013s1976 r 10010 d | ||
| 010 | _a52741 | ||
| 011 | _a53713 | ||
| 035 | _a57863 | ||
| 040 | _cCHAP | ||
| 082 |
_a633.34 _bW67 1975 |
||
| 111 | 0 | 0 |
_aWorld Soybean Research Conference. ( _n1 _d: 1975 _c: Champaign, Ill.) _9122737 |
| 245 | _aProceedings | ||
| 260 |
_aUrbana : _bUniversity of Illinois, _c1976 |
||
| 300 |
_a1073 p. _b; gráfs. |
||
| 500 | _aFotocopia | ||
| 590 |
_aBATCH-UPD _b10 _c20130110 _lUCH01 _h0544 |
||
| 590 |
_aBATCH-UPD _b10 _c20130110 _lUCH01 _h2357 |
||
| 590 |
_aCONVERSION _b10 _c20130109 _lUCH01 _h1328 |
||
| 650 | 1 | 4 |
_aSoya _xCongresos. _9109032 |
| 901 | _aBK | ||
| 942 | _cLIBRO | ||
| 949 |
_a633.34 W67 1975 _bBC _cLIBRO _d33724000222527 _eLIBRO _h63334 _i57863 _si |
||
| 999 |
_c52741 _d52741 |
||